000 00261nam a2200109Ia 4500
008 201231s9999 xx 000 0 und d
100 _aTod, James
245 0 _aTravels in Western India
260 _aNew Delhi
_bMunshiram Manoharlal
300 _a568
942 _cBK
999 _c9597
_d9597